书目信息 |
| 题名: |
混凝土结构构造手册
|
|
| 作者: | ;中国有色工程设计研究总院 主编 | |
| 分册: | ||
| 出版信息: | 北京 中国建筑工业出版社 2003.06 |
|
| 页数: | 758页 | |
| 开本: | 28cm | |
| 丛书名: | ||
| 单 册: | ||
| 中图分类: | TU37-62 | |
| 科图分类: | ||
| 主题词: | 混凝土结构 , 钢筋混凝土结构 | |
| 电子资源: | ||
| ISBN: | 7-112-05675-6 | |
| 000 | 00739nam0 2200217 45 | |
| 001 | 0334262137 | |
| 005 | 2003032509310214 | |
| 010 | @a7-112-05675-6@dCNY 65.00 | |
| 100 | @a20030325d2003 km y0chiy0120 ea | |
| 101 | 0 | @achi |
| 102 | @aCN@b110000 | |
| 200 | 1 | @a混凝土结构构造手册@AHun Ning Tu Jie Gou Gou Zao Shou Ce@f中国有色工程设计研究总院主编@FZhong Guo You Se Gong Cheng She Ji Yan Jiu Zong Yuan Zhu Bian |
| 205 | @a3版 | |
| 210 | @a北京@c中国建筑工业出版社@d2003.06 | |
| 215 | @a758页@d28cm | |
| 606 | 0 | @a混凝土结构 |
| 606 | 0 | @a钢筋混凝土结构 |
| 690 | @aTU37-62@v3 | |
| 711 | 0 | @a中国有色工程设计研究总院@AZhong Guo You Se Gong Cheng She Ji Yan Jiu Zong Yuan@4主编 |
| 801 | 0 | @aCN@bPFT@c20030325 |
| 905 | @a10447@dTU37-62@eZ657 | |
| 混凝土结构构造手册/中国有色工程设计研究总院主编.-3版.-北京:中国建筑工业出版社,2003.06 |
| 758页;28cm |
| ISBN 7-112-05675-6:CNY 65.00 |
| ● |
| 相关链接 |
|
|
|
正题名:混凝土结构构造手册
索取号:TU37-62/Z657
 
预约/预借
| 序号 | 登录号 | 条形码 | 馆藏地/架位号 | 状态 | 备注 |
| 1 | 385813 | 203858138 | 建筑库101/101建筑库 86排2列4层/ [索取号:TU37-62/Z657] | 在馆 | |
| 2 | 385814 | 203858147 | 土木与交通工程学院资料室/ [索取号:TU37-62/Z657] | 在馆 | |
| 3 | 385815 | 203858156 | 建筑与城市规划学院资料室/404自科库 27排5列2层/ [索取号:TU37-62/Z657] | 在馆 |